000 00379 a2200133 4500
245 _aSanté et médecines naturelles : la santé par les plantes, remèdes du monde entier, médicaments ignorés
100 _aJulian, O. A.
700 _aSanamés, R.
700 _aHaffen, M.
260 _c1976
300 _a550 p.
999 _c17585
_d17585